Top 10 goleadores de la historia del fútbol - Estadísticas

Estadísticas generales
  • Esta prueba ha sido intentada 81 veces
  • La puntuación promedio es 6 de 10
Estadísticas de respuestas
País Temporadas Goles Respuesta % Correcto
2. Argentina 2004-act 886 Lionel Messi
100%
1. Portugal 2002-act 948 Cristiano Ronaldo
99%
4. Brasil 1956-1977 770 Pelé
93%
6. Hungria 1943-1967 760 Ferenc Puskás
86%
8. Polonia 2007-act 701 Lewandowski
86%
5. Brasil 1985-2009 761 Romário
71%
3. Austria 1931-1955 805 Josef Bican
38%
9. Irlanda del norte 1946-1965 659 Jimmy Jones
5%
10. Holanda 1936-1963 645 Abe Lestra
3%
7. Alemania 1923-1951 702 Erwin Helchen
0%
No se encontraron pruebas coincidentes
Distribución de puntuación
Porcentaje de gente con cada puntuación
Porcentaje por número respondido
Historial de tus puntuaciones
No has intentado esta prueba.